000 00480cam a2200181ua 4500
020 _c$ 4.50
041 _aeng
_h
082 _a004
_bLIP/TH
100 _aLipschutz, Martin M.
245 _aTheory and problems of data processing /
_cMartin M Lipschutz.
_hTextual Documents
260 _aSingapore :
_bMcGraw Hill Book Company ,
_c1982.
300 _a218 ; .
365 _a$ 4.50
504 _a
700 1 _aLipschutz, Seymour.
942 _cBK
999 _c9751
_d9751